logo

Bir Sreshtho Munshi Abdur Rouf Library
Jhenaidah Cadet College

A passage to India / (Record no. 7875)

MARC details
000 -LEADER
fixed length control field 00692nam a2200253 a 4500
001 - CONTROL NUMBER
JCCL Control Number 7875
003 - CONTROL NUMBER IDENTIFIER
JCCL marc code BD - JhCC
005 - DATE AND TIME OF LATEST TRANSACTION
control field 20180326120559.0
008 - FIXED-LENGTH DATA ELEMENTS--GENERAL INFORMATION
fixed length control field 910320r19881924enk 000 1 eng d
020 ## - INTERNATIONAL STANDARD BOOK NUMBER
International Standard Book Number 0863076904
035 ## - SYSTEM CONTROL NUMBER
system control number (BD-JhCC)7875
040 ## - CATALOGING SOURCE
Original cataloging agency BD-JhCC
Modifying agency BD-JhCC
041 ## - LANGUAGE CODE
Language code of Book eng
082 ## - DEWEY DECIMAL CLASSIFICATION NUMBER
Author mark and Year FOR 1988
Classification number 823.912
100 1# - MAIN ENTRY--PERSONAL NAME
Personal name Forster, E. M.
Fuller form of name (Edward Morgan),
Dates associated with a name 1879-1970.
245 12 - TITLE STATEMENT
Title A passage to India /
Statement of responsibility, etc E. M. Forster,
260 ## - PUBLICATION, DISTRIBUTION, ETC. (IMPRINT)
Place of publication, distribution, etc London :
Name of publisher, distributor, etc Marshall Cavendish Partworks,
Date of publication, distribution, etc 1988
300 ## - PHYSICAL DESCRIPTION
Pagination 312 p
Dimensions 19 cm.
490 1# - SERIES STATEMENT
Series statement Great writers library
650 ## - SUBJECT ADDED ENTRY--TOPICAL TERM
Topical term or geographic name as entry element Political fiction
650 ## - SUBJECT ADDED ENTRY--TOPICAL TERM
Topical term or geographic name as entry element British--Social life and customs
942 ## - ADDED ENTRY ELEMENTS (KOHA)
Source of classification or shelving scheme Dewey Decimal Classification
Koha item type Books
Holdings
Source of classification or shelving scheme Damaged status Not for loan Home library Current library Shelving location Total Checkouts Full call number Barcode Date last seen Copy number Koha item type
Dewey Decimal Classification   Not For Loan JCC Rouf Library JCC Rouf Library General Stacks   823.912 FOR 1988 10410 02/15/2018 C - 1 Books
Dewey Decimal Classification     JCC Rouf Library JCC Rouf Library General Stacks   823.912 FOR 1988 12872 03/21/2018 C - 2 Books

JCC Library | Contacts | JCC Home

Last Update on 23 September 2017
Copyright @ 2017-2020 JCC Rouf Library
Rouf Library, Jhenidah Cadet College (JCC), Bangladesh